| 000 | 00622cab a2200229 4500 | ||
|---|---|---|---|
| 001 | WB3332-12 | ||
| 008 | 090401t1997 xxu||||| |||| 00| 0 eng d | ||
| 035 | _a(Sirsi) u80227 | ||
| 041 | _aeng | ||
| 245 | _aHome in on the Net | ||
| 260 | _c1997 | ||
| 350 | _a0 | ||
| 490 |
_aNegotiator _v12(16) 8-22 August 1997, 5(1) |
||
| 520 | _aBuyers looking for a new home will be able to access all new developments from late September on The New Home Site. | ||
| 650 | _aHOMEBUYERS | ||
| 650 | _aINTERNET | ||
| 650 | _aUNITED KINGDOM | ||
| 650 | _aWEB SITE | ||
| 690 | _aHOUSING | ||
| 942 | _n0 | ||
| 948 | _c13/08/1997 | ||
| 999 |
_c50498 _d50498 |
||